White House Chiefs of Staff by Picture - Statistics

General Stats
  • This quiz has been taken 46 times
    6 since last reset
  • The average score is 14 of 39
Answer Stats
Picture Hint Answer % Correct
2025-Present Susie Wiles
80%
1973-1974 Alexander Haig
60%
2013-2017 Denis McDonough
60%
1975-1977 Dick Cheney
60%
2012-2013 Jack Lew
60%
1968-1969 James R. Jones
60%
2017-2019 John F. Kelly
60%
*2019-2020* Mick Mulvaney
60%
2009-2010 Rahm Emanuel
60%
2017 Reince Priebus
60%
2021-2023 Ron Klain
60%
2001-2006 Andy Card
40%
1985-1987 Donald Regan
40%
1974-1975 Donald Rumsfeld
40%
1979-1980 Hamilton Jordan
40%
1987-1988 Howard Baker
40%
1969-1973 H. R. Haldeman
40%
1981-1985 | 1992-1993 James Baker
40%
1989-1991 John H. Sununu
40%
1994-1997 Leon Panetta
40%
2020-2021 Mark Meadows
40%
2011-2012 Bill Daley
20%
1964-1965 Bill Moyers
20%
1997-1998 Erksine Bowles
20%
1965-1966 Jack Valenti
20%
1980-1981 Jack Watson
20%
2023-2025 Jeff Zients
20%
1998-2001 John Podesta
20%
1946-1953 John Steelman
20%
2006-2009 Joshua Bolten
20%
1988-1989 Kenneth Duberstein
20%
1961-1963 Kenneth O'Donnell
20%
1993-1994 Mack McLarty
20%
*2010-2011* Pete Rouse
20%
1991-1992 Samuel K. Skinner
20%
1953-1958 Sherman Adams
20%
1963-1964 Walter Jenkins
20%
1958-1961 Wilton Persons
20%
1966-1968 W. Marvin Watson
20%
No matching quizzes found
Score Distribution
Percent of People with Each Score
Percentile by Number Answered
Your Score History
You have not taken this quiz since the last reset